Derby Europy - Statystyki

Ogólne statystyki
  • Ten quiz został rozwiązany 150 razy
  • Średni wynik to 4 z 10
Statystyki odpowiedzi
Nazwa Derbów Drużyny % Poprawnych
Der Klassiker Bayern-Borussia
89%
El Clásico FC Barcelona-Real
72%
Derby północnego Londynu Arsenal-Tottenham
56%
Derby Zagłębia Ruhry Borussia-Schalke
44%
El Derbi Madrileño Atletico-Real
34%
Wieczne derby Serbii Crvena Zvezda-Partizan
29%
Derby Merseyside Everton-Liverpool
28%
Derby Stambułu Fenerbahce-Galatasaray
20%
Old Firm Derby Celtic-Rangers
15%
Derby Grecji Olympiakos-Panathinaikos
13%
Nie znaleziono quizów pasujących do podanych kryteriów
Rozkład punktacji
Procent ludzi z każdym wynikiem
Percentyl według liczby udzielonych odpowiedzi
Twoja historia wyników
Nie rozwiązałeś tego quizu